| 000 -LEADER |
| fixed length control field |
00695nam a2200217Ia 4500 |
| 001 - CONTROL NUMBER |
| control field |
16608 |
| 003 - CONTROL NUMBER IDENTIFIER |
| control field |
GE_BSU |
| 005 - DATE AND TIME OF LATEST TRANSACTION |
| control field |
20221114115511.0 |
| 008 - FIXED-LENGTH DATA ELEMENTS--GENERAL INFORMATION |
| fixed length control field |
181216s2012||||en |||||||||||||| ||eng|| |
| 020 ## - INTERNATIONAL STANDARD BOOK NUMBER |
| International Standard Book Number |
9781462503902x |
| 040 ## - CATALOGING SOURCE |
| Transcribing agency |
GE_BSU |
| 080 ## - UNIVERSAL DECIMAL CLASSIFICATION NUMBER |
| Universal Decimal Classification number |
159.922.6 S-58 |
| 100 ## - MAIN ENTRY--PERSONAL NAME |
| Personal name |
Siegel, Daniel J. |
| 9 (RLIN) |
6636 |
| 245 #4 - TITLE STATEMENT |
| Title |
The developing mind:how relationships and the brain interact to shape who we are / |
| Statement of responsibility, etc. |
Daniel J. Siege. |
| 250 ## - EDITION STATEMENT |
| Edition statement |
2nd ed. |
| 264 ## - PRODUCTION, PUBLICATION, DISTRIBUTION, MANUFACTURE, AND COPYRIGHT NOTICE |
| Place of production, publication, distribution, manufacture |
New York : |
| Name of producer, publisher, distributor, manufacturer |
Guilford Press, |
| Date of production, publication, distribution, manufacture, or copyright notice |
2012. |
| 300 ## - PHYSICAL DESCRIPTION |
| Extent |
xviii, 506 p, |
| Other physical details |
ill .: |
| Dimensions |
24 cm. |
| 653 ## - INDEX TERM--UNCONTROLLED |
| keyword |
განვითარების ფსიქოლოგია. |
| 653 ## - INDEX TERM--UNCONTROLLED |
| keyword |
ფსიქოლოგია |
| 942 ## - ADDED ENTRY ELEMENTS (KOHA) |
| Koha item type |
წიგნი |
| Source of classification or shelving scheme |
|